Documentos básicos en materia de derechos humanos en el sistema interamericano

Guardat en:
Dades bibliogràfiques
Autor corporatiu: OEA (Autor), Organización de Estados Americanos (Autor)
Format: Llibre
Idioma:espanyol
Publicat: Washington, D.C Secretaría General OEA 1988
Matèries:
Etiquetes: Afegir etiqueta
Sense etiquetes, Sigues el primer a etiquetar aquest registre!

MARC

LEADER 00000nam a2200000 a 4500
001 UCR3248
003 CL-VaPUC
008 980124e19880000US |||||||||||||||||spa|d
082 0 4 |a 323.4  |b OEA  |2 21 
110 2 |a OEA  |e author  |9 402169 
710 2 |a Organización de Estados Americanos  |e author  |9 402170 
245 1 0 |a Documentos básicos en materia de derechos humanos en el sistema interamericano 
300 |a 148 p 
942 |c BK 
945 |d 19980124 00:00:00  |a crobeson 
260 |a Washington, D.C  |b Secretaría General OEA  |c 1988 
600 0 7 |a OEA  |2 CL-VaPUC  |9 402169 
600 0 7 |a CORTE INTERAMERICANA DE DERECHOS HUMANOS  |2 CL-VaPUC  |9 402171 
600 0 7 |a COMISION INTERAMERICANA SOBRE DERECHOS HUMANOS  |2 CL-VaPUC  |9 259252 
650 0 |a Derechos humanos  |9 223025 
650 7 |a ESTATUTO DE LA COMISION INTERAMERICANA SOBRE DERECHOS HUMANOS  |2 CL-VaPUC  |9 402172 
650 7 |a DECLARACION AMERICANA DE LOS DERECHOS Y DEBERES DEL HOMBRE  |2 CL-VaPUC  |9 402173 
583 |a last modification  |c 19980124 00:00:00  |k Rodrigo Vera 
999 |c 266344  |d 266342 
952 |0 0  |1 0  |4 0  |6 323_400000000000000_OEA_1988  |7 0  |8 A  |9 297811  |a BIBDER  |b BIBDER  |d 2019-11-20  |i 1941038  |o 323.4 OEA 1988  |p 1941038  |r 2023-01-25  |w 2019-11-20  |y BK  |k DER 
952 |0 0  |1 0  |4 0  |6 323_400000000000000_OEA_1988  |7 0  |8 A  |9 297812  |a BIBHIS  |b BIBHIS  |d 2019-11-20  |i 1230492  |o 323.4 OEA 1988  |p 1230492  |r 2025-01-20  |w 2019-11-20  |y BK  |k HIS